000 00298nam a2200109Ia 4500
008 220204s9999 xx 000 0 und d
082 _a336.71
_bOBA
100 _aO'BANNON, Helen B
245 0 _aMoney and banking: Theory policy and institutions
260 _aLondon
_bHarper & Row
_c1975
942 _cBK
999 _c25581
_d25581